Cultura y civilización desde sudamerica /

Guardado en:
Autor Principal: Magrassi, Guillermo Emilio
Otros Autores: Frigerio, Alejendro / Maya, María Beatriz
Formato: Libro
Publicado: Buenos Aires : Búsqueda, 1982
Materias:
Etiquetas: Agregar Etiqueta
Sin Etiquetas, Sea el primero en etiquetar este registro!
LEADER 00631nam a22002175a 4500
001 CEM.cems004075
005 20060216000000.0
008 130507s1982##################000#0#####d
003 CEMS
082 0 4 |a 572.7 
100 1 |a Magrassi, Guillermo Emilio 
245 1 0 |a Cultura y civilización desde sudamerica / 
260 |a Buenos Aires :  |b Búsqueda,  |c 1982 
300 |a 224 p. 
653 |a Aculturacion 
653 |a Antropologia 
653 |a Cambio cultural 
653 |a Cultura 
653 |a Cultura y ecologia 
700 1 |a Frigerio, Alejendro / Maya, María Beatriz 
859 |a CEMS  |b BIB. CEMS - 11 de abril  |h 572.7  |i M276  |p 16829.93  |t Ej.1